Samoregulácia reklamy

Samoregulácia marketingu a reklamy sa uskutočňuje stanovením princípov a pravidiel, ktoré marketéri dobrovoľne akceptovali a zaviazali sa ich dodržiavať. Uplatňovanie pravidiel kontrolujú organizácie vytvorené za týmto účelom. V SR je organizáciou samoregulácie reklamy Rada pre reklamu, ktorá dohlia...

Descrizione completa

Salvato in:
Dettagli Bibliografici
Autore principale: Škorvagová, Simona
Natura: Capitolo di libro
Lingua:slovacco
Soggetti:
Tags: Aggiungi Tag
Nessun Tag, puoi essere il primo ad aggiungerne!!

MARC

LEADER 00000nla$a2200000$$$4500
001 0048406
005 20240502083129.3
041 0 |a slo 
044 |a CZ 
245 1 0 |a Samoregulácia reklamy  |c Simona Škorvagová 
520 |a Samoregulácia marketingu a reklamy sa uskutočňuje stanovením princípov a pravidiel, ktoré marketéri dobrovoľne akceptovali a zaviazali sa ich dodržiavať. Uplatňovanie pravidiel kontrolujú organizácie vytvorené za týmto účelom. V SR je organizáciou samoregulácie reklamy Rada pre reklamu, ktorá dohliada na dodržiavanie etických noriem v oblasti reklamy z hľadiska Etického kódexu platného na území SR. Analýza podaných podnetov Rady pre reklamu na Slovensku. Samoregulácia reklamy na úrovni EÚ. Inštitucionálne zabezpečenie. Princípy slobodnej komerčnej komunikácie. Európska aliancia reklamných štandardov (EASA). 
610 2 0 |a reklama 
610 2 0 |a regulácia 
610 2 0 |a inštitúcia 
610 2 0 |a Slovensko 
610 2 0 |a Európska únia 
610 2 0 |a komunikácia 
610 2 0 |a kódexy 
610 2 0 |a štandardy 
100 1 |a Škorvagová, Simona